000 01258aam a2200337 i 4500
999 _c68061
_d68061
003 Mx-PuUPA
005 20220302080811.0
008 190408s2018 nyua||||r|||| 00| 0 eng d
020 _a9781138954373
040 _aMx-PuUPA
_bspa
_cMx-PuUPA
_dMx-PuUPA
_erda
041 0 _aeng
100 1 _aHuber, David Miles,
_eautor
_99195
245 1 0 _aModern recording techniques /
_cDavid Miles Huber, Robert E. Runstein
250 _aNinth edition
264 1 _aNew York, NY :
_bRoutledge Taylor & Francis Group,
_c2018
300 _axxv, 616 páginas :
_bilustraciones ;
_c24 cm.
336 _2rdacontent
_atexto
_btxt
337 _2rdamedia
_asin medio
_bn
338 _2rdacarrier
_avolumen
_bnc
490 0 _aAudio Engineering Society Presents...
490 0 _aA Focal Press Book
650 4 _aReproducción de sonido
650 4 _aSonido
_xMagnetismo
_xMediciones
650 4 _aTecnología
700 1 _aRunstein, Robert E.,
_eautor
942 _2ddc
_cLI
_h621.3893
_iH875